| 000 | 01005ntm a22002777a 4500 | ||
|---|---|---|---|
| 999 |
_c1082 _d1082 |
||
| 008 | 191122s2019 ii abd|grm|||a00| 0 eng d | ||
| 040 |
_aKO _beng |
||
| 041 | 0 | _aeng | |
| 044 | _aii | ||
| 082 | 0 | 4 |
_223 _a378.242 _bPRM1722 |
| 100 | 1 |
_aJoseph, Nashi _eResearcher |
|
| 245 | 1 | 2 |
_aA Study on Blockchain Technology and Its Application in Supply Chain / _cNashi Joseph ; Guide Dr. Jayan P. A. |
| 260 |
_aKochi : _bIndian Maritime University, _c2019 |
||
| 300 |
_a71 p. : _bill., charts, maps ; _c29 cm. |
||
| 490 | 0 |
_aMBA Project 2017-19 ; _v1705305022 |
|
| 502 | _aProject (MBA)–Indian Maritime University. School of Maritime Management, 2019. | ||
| 650 | 0 |
_aBusiness logistics _xData processing |
|
| 650 | 0 | _aBlockchains (Databases) | |
| 655 | 7 |
_2lcsh _aDissertations, Academic _y2019 |
|
| 700 | 1 |
_aP. A., Jayan, _cDr. _eGuide |
|
| 856 | _uhttps://drive.google.com/file/d/1DzsbS2NroPy59g3Llxq5lioTEsVSewtT/view?usp=sharing | ||
| 904 | _aRUDRA_R | ||
| 905 | _aR_RANJAN | ||
| 942 | _cTH | ||